Statistics for US Cities That Start With O

Click here to take the quiz!

General Stats

  • This quiz has been taken 45 times
  • The average score is 3 of 5

Answer Stats

Population City % Correct
638,367Oklahoma City
95%
277,173Orlando
84%
446,970Omaha
78%
420,005Oakland
54%
207,906Oxnard
35%

Score Distribution

Percentile by Number Answered

Percent of People with Each Score

Your Score History

You have not taken this quiz